000 00560nam a2200157 4500
008 171109b xxu||||| |||| 00| 0 eng d
022 _a0117-3308
082 _2Sept 2010 - April 2011 v. 20 n. 3-9
_aDPer 004.1105
_bC73
245 _aComputer world.
260 _aPhilippines:
_bSchneider Electric,
_c2010-2011.
300 _a1(various paging):
_bcolor illustrations;
_c27 cm.
650 0 _923153
_aComputers -- Periodicals.
650 0 _923154
_aComputer industry -- Periodicals.
650 0 _923155
_aElectronic data processing -- Periodicals.
942 _2ddc
_cPER
999 _c7691
_d7691